[Event "80e Noteboomtoernooi Open 2020"]
[Site "Leiden"]
[Date "2020.03.01"]
[Round "6.3"]
[White "Tiggelman, Rene"]
[Black "Schroer, Marcel"]
[Result "1-0"]
[WhiteElo "2188"]
[BlackElo "2049"]
[Annotator "TA"]
[PlyCount "95"]
[EventDate "2020.02.28"]
[EventType "swiss"]
[EventCountry "NED"]
[SourceTitle "playchess.com"]
[Source "ChessBase"]
[SourceQuality "1"]

{[%evp 15,95,12,18,6,12,4,9,0,0,0,2,1,7,0,3,1,11,6,0,0,29,18,18,0,39,43,64,17,16,0,3,0,8,0,0,0,0,0,22,29,29,24,41,0,27,0,0,0,0,0,0,0,0,0,0,0,0,0,0,0,0,0,73,73,73,73,179,177,187,180,213,74,2028,3797,29970,29970,29958,29959,29953,29945,5069,2323]} 1. d4 d5 2. Nf3 Nf6 3. c4 c6 4. cxd5 cxd5 5. Nc3 Nc6 6. Bf4 a6 7. Rc1 Bf5 8. e3 Rc8 9. Be2 {D13: Slav Defence: Exchange variation without ...Bf5.} e6 10. O-O Bd6 11. Bg3 {The position is equal.} Bxg3 12. hxg3 O-O 13. Nh4 Bg6 14. Nxg6 hxg6 15. Na4 {[%cal Bc3a4,Ba4c5,Bc5d3][%mdl 32]} Qe7 16. Nc5 {[#]} Rc7 $146 ({Predecessor:} 16... Nb8 17. b4 b6 18. Nd3 Rc4 19. Qd2 Ne4 20. Qb2 Rfc8 21. Ne5 R4c7 22. Rxc7 Qxc7 {½-½ (47) Palm,N (2268)-Bekker Jensen,D (2276) Denmark 2007}) 17. Qa4 Nb8 18. Rc3 Rfc8 19. Rfc1 e5 20. dxe5 Qxe5 21. Nd3 Qe7 22. Qf4 {[%cal Rc3c7]} Rxc3 23. Rxc3 Nc6 24. Nb4 Qe8 {...d4! is the strong threat.} 25. Nxc6 Rxc6 26. Qd4 Rxc3 27. Qxc3 Qe7 28. Bd1 Qd7 29. b4 Qf5 30. Qc2 (30. f3 {feels hotter.} Qb1 31. Qd2 d4 32. e4 Qa1 33. Kh2) 30... Qe5 31. Bf3 Kh7 32. a4 Ne4 33. b5 axb5 34. axb5 b6 35. Bxe4 Qxe4 $11 {[%mdl 4096] Endgame KQ-KQ} 36. Qc6 Qb1+ 37. Kh2 Qf5 38. f3 Qh5+ (38... Qe6 $11) 39. Kg1 $16 Qe5 40. Qxb6 {Strongly threatening Qd4.} Qxg3 {[#]} (40... d4 $16) 41. Kf1 $1 $18 Qe5 {intending ...Qa1+.} 42. Qd4 Qc7 43. b6 (43. Qb2 $18 {is more deadly.}) 43... Qc2 $2 {[%mdl 8192] This move loses the game for Black.} (43... Qc1+ $16 44. Kf2 Qc2+ 45. Kg3 Qb1) 44. Qb4 (44. Qh4+ $142 Kg8 45. Qb4) 44... g5 45. b7 Qc1+ 46. Kf2 Qc2+ 47. Kg3 Qc7+ 48. Kh3 {Accuracy: White = 83%, Black = 69%.} 1-0

[Event "80e Noteboomtoernooi Open 2020"]
[Site "Leiden"]
[Date "2020.03.01"]
[Round "6.4"]
[White "Mollema, Thomas"]
[Black "Ratsma, Midas"]
[Result "1/2-1/2"]
[WhiteElo "2251"]
[BlackElo "2253"]
[Annotator "TA"]
[PlyCount "69"]
[EventDate "2020.02.28"]
[EventType "swiss"]
[EventCountry "NED"]
[SourceTitle "playchess.com"]
[Source "ChessBase"]
[SourceQuality "1"]

{[%evp 21,69,0,4,0,0,-18,-10,-39,-41,-45,-4,-9,-20,-30,0,-23,0,0,0,-23,-28,-63,-6,-6,-6,-8,-16,-5,-5,0,0,-40,4,6,6,6,6,6,6,6,6,6,8,-26,-35,-26,-25,-200,-187,-151]} 1. e4 c6 2. c4 d5 3. cxd5 cxd5 4. exd5 Nf6 5. Nc3 Nxd5 6. Nf3 Nc6 7. Bc4 e6 8. O-O Be7 9. d4 O-O 10. Re1 Nxc3 11. bxc3 b6 12. Qe2 {D41: Queen's Gambit Declined: Semi-Tarrasch with 5 cxd5.} Bb7 13. Bb2 Rc8 {[#]} 14. Rac1 $146 {The position is equal.} ({Predecessor:} 14. Rad1 Na5 15. Bd3 Qd5 16. Qc2 h6 17. Re5 Qd6 18. Rh5 Bxf3 19. gxf3 Bg5 20. h4 {0-1 (29) Cigan,S (2371)-Sandhu,M (2316) Austria 2010}) 14... Na5 15. Bd3 Bxf3 16. Qxf3 ({Don't play} 16. gxf3 Bd6 $17) 16... Nc4 17. Ba1 Bg5 18. Rcd1 Qd5 19. Be4 Qa5 20. Re2 (20. h4 {seems wilder.} Bh6 21. Qe2 Nd6 22. Bc2 Qd5 23. Bb3) 20... Rfd8 21. d5 Bf6 (21... g6 $15) 22. Ree1 $11 exd5 23. Rxd5 Rxd5 24. Bxd5 Ne5 25. Qf5 Rd8 26. Be4 Ng6 (26... Kf8 {with more complications.} 27. Qxh7 Qxa2 28. c4 Qa5 29. Rf1 Nd7) 27. Qxa5 bxa5 28. c4 Bxa1 29. Rxa1 {[%mdl 4096] Endgame KRB-KRN} Rd4 30. f3 Rxc4 31. Rb1 Rb4 32. Kf2 Rxb1 33. Bxb1 Nf4 34. Ke3 $2 {[#]} (34. Bc2 $11 {and White has nothing to worry.}) 34... Nxg2+ $19 35. Kd4 {Accuracy: White = 64%, Black = 74%.} 1/2-1/2